Opusculum ostensivum peragrationis praedicationisque Sanctissimi Iacobi Zebedei in Hispania: breviter perstrictum & elaboratum ... Contra dissertationem historicam his contradicentem: per R. P. Fr. Michaelem a Sancta Maria ... Ullyssiponis novissime suscitatam ... (Registro nro. 67324)

Detalles MARC
000 -ENCABEZADO
Número de control [NR] 02287nam a2200289Ia 4500
005 - FECHA Y HORA DE LA ÚLTIMA TRANSACCIÓN
control field 20160120085757.0
008 - DE LONGITUD FIJA DE DATOS DE ELEMENTOS - INFORMACIÓN GENERAL
Elementos de longitud fija [NR] 130821q1730 sp a fr 1 latsd
040 ## - FUENTE DE CATALOGACION [NR]
Agencia de catalogación original [NR] Co-BoUCM
Idioma de catalogación [NR] spa
Quien Cataloga Sandra Yazo (modificó)
Quien Clasifica Sandra Yazo (modificó)
041 0# - CODIGO DE IDIOMA [R]
Código de idioma para texto/pista de sonido o título separado [R] Latín
082 04 - NUMERO DE CLASIFICACION DECIMAL DEWEY [R]
Número de clasificación [R] 270.1
Número de la edición [NR] 20
092 ## - SIGNATURA TOPOGRAFICA LOCAL
Número de clasificación local E02N106
100 1# - ASIENTO PRINCIPAL--NOMBRE PERSONAL [NR]
Nombre personal [NR] Catoyra, Ignacio
ID Autoridad 74964
242 00 - TRADUCCION DEL TITULO POR LA AGENCIA CATALOGADORA [R]
Título [NR] Opúsculo resumido en el que se demuestra el recorrido y la predicación del Apóstol Santiago, el de Zebedeo, en España. En respuesta a la disertación histórica que lo niega, recientemente publicada en Lisboa por el P. Fray Miguel de Santa María.
Mención de responsabilidad, etc. [NR] Por el R. P. Fr. Ignacio Catoyra
Código de idioma del título traducido [NR] spa
245 10 - MENCION DE TITULO [NR]
Título [NR] Opusculum ostensivum peragrationis praedicationisque Sanctissimi Iacobi Zebedei in Hispania: breviter perstrictum & elaboratum ... Contra dissertationem historicam his contradicentem: per R. P. Fr. Michaelem a Sancta Maria ... Ullyssiponis novissime suscitatam ...
Mención de responsabilidad, etc. [NR] a R. P. Fr. Ignatio Cattoira
260 ## - PUBLICACION, DISTRIBUCION, ETC. (PIE DE IMPRENTA) [R]
Lugar de publicación, distribución, etc. [R] Gadibus [Cádiz] (España)
Nombre del editor, distribuidor, etc. [R] Hierónymi de Peralta [Jerónimo de Peralta]
Fecha de publicación, distribución, etc. [R] [1730?]
300 ## - DESCRIPCION FISICA [R]
Extensión [R] [26], 146, [3] páginas
Otros detalles físicos [NR] ilustración
Dimensiones [R] 20 x 14 cm.
500 ## - NOTA GENERAL [R]
Nota general [NR] Detalles físicos: Sin encuadernación original, actualmente encuadernación rígida (holandesa) en cartón forrado en papel y lomo en tela encolada con adornos en dorado. Guardas. Portada impresa en una sola tinta con orla decorativa. Grabado con el emblema de la Compañía de Jesús. Dedicatoria. Cenefas y remates. Mayúsculas capitales. Licencias y permisos. Prólogo. Texto impreso en una sola columna con varios tipos y tamaños de letra. Signaturas. Reclamos. Erratas al final. Ejemplar en buen estado de conservación. Página 1 con rotura
500 ## - NOTA GENERAL [R]
Nota general [NR] Fecha de públicación tomada de la licencia
506 ## - NOTA DE RESTRICCIONES DE ACCESO [R]
Condiciones de acceso [NR] Consulta en sala
520 ## - NOTA DE RESUMEN, ETC. [R]
Nota de sumario, etc. [NR] Veinticuatro demostraciones de la presencia y predicación del Apóstol Santiago en España. Y se refutan algunas tesis y opiniones en contrario
546 ## - NOTA DE IDIOMA [R]
Nota de idioma [NR] Texto en latín
600 14 - ASIENTO SECUNDARIO DE MATERIA - NOMBRE PERSONAL [R]
Nombre personal [NR] Santiago el Mayor
Títulos y otras palabras asociadas con el nombre [R] Santo
9 (RLIN) 2849
650 #7 - ASIENTO SECUNDARIO DE MATERIA - TERMINO TEMATICO [R]
Término temático o nombre geográfico como elemento de entrada [NR] Historia eclesiástica
9 (RLIN) 16937
Subdivisión geográfica [R] España
690 ## - ASUNTO AGREGADO LOCAL DE ENTRADA - TÉRMINO TEMÁTICO (OCLC, RLIN)
9 (RLIN) 42850
Acceso temático local Iglesias
856 41 - LOCALIZACION Y ACCESO ELECTRONICOS [R]
Nota dirigida al público [R] Disponible en línea
Identificador Uniforme del Recurso (“URI”) [R] <a href="http://books.google.com.co/books?id=67cwk8uNC5sC&printsec=frontcover&hl=es#v=onepage&q&f=false">http://books.google.com.co/books?id=67cwk8uNC5sC&printsec=frontcover&hl=es#v=onepage&q&f=false</a>
942 ## - ELEMENTOS DE ENTRADA AGREGADOS (KOHA)
Tipo de ítem principal el descrito en 300a Libro
Tema principal 4
Edición 1
Sistema de clasificación LOCAL
Clasificación E02N106
Existencias
Suprimido Perdido Sistema de clasificación Dañado No prestable Tipo de ítem específico Ubicación habitual Ubicación actual Localización Fecha de creación Forma de adquisición Costo Volúmen / Fascículo Total préstamos Signatura topográfica Código de barras Última vez visto Ejemplar Price effective from Tipo de ítem
    LOCAL     Libro archivo Archivo Histórico Archivo Histórico Archivo histórico 28/02/2013 Donación 0.00 E02N106   E02N106 L000333 15/12/2012 Ej.1 03/02/2013 Libro